000
00273nam a22001217a 4500
082
_a
894.812.3
_b
ABH/E
100
_a
ABRAHAM
245
_a
ENGLANDILE NADODIKATHAKAL
260
_a
THRISSUR
_b
H&C PUBLISHING HOUSE
_c
2008
300
_a
63
650
_a
STORY
_z
KERALA
942
_c
BK
999
_c
1786
_d
1786